书目信息 |
| 题名: |
刑事诉讼举证责任 一
|
|
| 作者: | 宋纯新 主编 | |
| 分册: | ||
| 出版信息: | 北京 中国方正出版社 2001 |
|
| 页数: | 5191-9774页 | |
| 开本: | 19cm | |
| 丛书名: | 诉讼举证责任丛书 | |
| 单 册: | ||
| 中图分类: | D925.213.4 | |
| 科图分类: | ||
| 主题词: | 刑事诉讼--举证责任--中国 , 举证责任 , 刑事诉讼 | |
| 电子资源: | ||
| ISBN: | 7-80107-461-0 | |
| 000 | 00776oam2 2200265 45 | |
| 001 | (011001)c2001047258 | |
| 005 | 20090903163410.56 | |
| 009 | (011001)c2001047258 | |
| 010 | @a7-80107-461-0@dCNY30.00 | |
| 035 | @a(011001)c2001047258 | |
| 100 | @a20010521d2001 em y0chiy0110 ea | |
| 101 | 0 | @achi |
| 102 | @aCN@b110000 | |
| 105 | @ay z 000yy | |
| 200 | 1 | @a刑事诉讼举证责任 一@Axing shi su song ju zheng ze ren yi@f宋纯新主编@Fsong chun xin zhu bian |
| 210 | @a北京@c中国方正出版社@d2001 | |
| 215 | @a5191-9774页@d19cm | |
| 225 | 2 | @a诉讼举证责任丛书 |
| 606 | 0 | @a刑事诉讼@x举证责任@y中国 |
| 606 | 0 | @a举证责任 |
| 606 | 0 | @a刑事诉讼 |
| 690 | @aD925.213.4@v4 | |
| 701 | 0 | @a宋纯新@Asong chun xin@4主编 |
| 801 | 0 | @aCN@c20090903 |
| 905 | @aBZT@dD925.213.4@e1-1 | |
| 刑事诉讼举证责任 一/宋纯新主编.-北京:中国方正出版社,2001 |
| 5191-9774页;19cm.-(诉讼举证责任丛书) |
| ISBN 7-80107-461-0:CNY30.00 |
| ● |
| 相关链接 |
|
|
|
正题名:刑事诉讼举证责任 一
索取号:D925.213.4/1-1
 
预约/预借
| 序号 | 登录号 | 条形码 | 馆藏地/架位号 | 状态 | 备注 |
| 1 | 398326 | 210279795 | 中心书库南/014架A面3层7列/ [索取号:D925.213.4/1-1] | 在馆 | |
| 2 | 398327 | 210279802 | 中心书库南/014架A面3层7列/ [索取号:D925.213.4/1-1] | 在馆 | |
| 3 | 398328 | 210279777 | 中心书库南/014架A面3层7列/ [索取号:D925.213.4/1-1] | 在馆 | |
| 4 | 398329 | 210279786 | 中心书库南/014架A面3层7列/ [索取号:D925.213.4/1-1] | 在馆 | |
| 5 | 398330 | 210279759 | 中心书库南/014架A面3层7列/ [索取号:D925.213.4/1-1] | 在馆 | |
| 6 | 398331 | 210279768 | 中心书库南/014架A面3层7列/ [索取号:D925.213.4/1-1] | 在馆 | |
| 7 | 398332 | 210279731 | 中心书库南/014架A面3层7列/ [索取号:D925.213.4/1-1] | 在馆 | |
| 8 | 398333 | 210279740 | 中心书库南/014架A面3层7列/ [索取号:D925.213.4/1-1] | 在馆 | |
| 9 | 398334 | 210279713 | 中心书库南/014架A面3层7列/ [索取号:D925.213.4/1-1] | 在馆 | |
| 10 | 398335 | 210279722 | 中心书库南/014架A面3层7列/ [索取号:D925.213.4/1-1] | 在馆 | |
| 11 | 399826 | 210268020 | 中心书库南/014架A面5层6列/ [索取号:D925.213.4/1-1] | 在馆 | |
| 12 | 399827 | 210268011 | 中心书库南/014架A面6层6列/ [索取号:D925.213.4/1-1] | 在馆 | |
| 13 | 399828 | 210268002 | 中心书库南/014架A面5层6列/ [索取号:D925.213.4/1-1] | 在馆 | |
| 14 | 399829 | 210267995 | 中心书库南/014架A面5层6列/ [索取号:D925.213.4/1-1] | 在馆 | |
| 15 | 399830 | 210267986 | 中心书库南/014架A面5层6列/ [索取号:D925.213.4/1-1] | 在馆 | |
| 16 | 399831 | 210267977 | 中心书库南/014架A面5层6列/ [索取号:D925.213.4/1-1] | 在馆 | |
| 17 | 399832 | 210267968 | 中心书库南/014架A面6层6列/ [索取号:D925.213.4/1-1] | 在馆 | |
| 18 | 399833 | 210267959 | 中心书库南/014架A面6层6列/ [索取号:D925.213.4/1-1] | 在馆 | |
| 19 | 399834 | 210267940 | 中心书库南/014架A面5层6列/ [索取号:D925.213.4/1-1] | 在馆 | |
| 20 | 399835 | 210267931 | 中心书库南/014架A面5层6列/ [索取号:D925.213.4/1-1] | 在馆 | |
| 21 | 426011 | 210534082 | 中心书库南/014架A面5层6列/ [索取号:D925.213.4/1-1] | 在馆 | |
| 22 | 426012 | 210534073 | 中心书库南/014架A面5层6列/ [索取号:D925.213.4/1-1] | 在馆 | |
| 23 | 426013 | 210534064 | 中心书库南/014架A面5层6列/ [索取号:D925.213.4/1-1] | 在馆 | |
| 24 | 426014 | 210534055 | 中心书库南/014架A面5层6列/ [索取号:D925.213.4/1-1] | 在馆 | |
| 25 | 426015 | 210534046 | 中心书库南/014架A面5层6列/ [索取号:D925.213.4/1-1] | 在馆 | |
| 26 | 426016 | 210534037 | 中心书库南/014架A面5层6列/ [索取号:D925.213.4/1-1] | 在馆 | |
| 27 | 426017 | 210534028 | 中心书库南/014架A面5层6列/ [索取号:D925.213.4/1-1] | 在馆 | |
| 28 | 426018 | 210534019 | 中心书库南/014架A面5层6列/ [索取号:D925.213.4/1-1] | 在馆 | |
| 29 | 426019 | 210286224 | 中心书库南/014架A面5层6列/ [索取号:D925.213.4/1-1] | 在馆 | |
| 30 | 426020 | 210286206 | 中心书库南/014架A面5层6列/ [索取号:D925.213.4/1-1] | 在馆 |